[Event "Prague Summer op"]
[Site "Prague"]
[Date "2024.08.02"]
[Round "1"]
[White "Aarush, Rajesh"]
[Black "Golenia, Wojciech"]
[Result "0-1"]
[WhiteElo "1892"]
[BlackElo "2212"]
[PlyCount "94"]
[EventDate "2024.08.02"]
[EventType "swiss"]
[EventRounds "9"]
[EventCountry "CZE"]
[SourceTitle "CBM 221 Extra"]
[Source "ChessBase"]
[SourceDate "2024.09.30"]
[SourceVersion "1"]
[SourceVersionDate "2024.09.30"]
[SourceQuality "1"]

1. d4 Nf6 2. c4 e6 3. Nc3 Bb4 4. f3 c5 5. d5 0-0 6. e4 Re8 7. Nge2 d6 8. Ng3 Nbd7 9. Be2 exd5 10. cxd5 Ne5 11. 0-0 a6 12. a4 c4 13. Be3 Bd7 14. Bd4 Rc8 15. Nf5 Bxf5 16. exf5 Bc5 17. Bxc5 Rxc5 18. Qd4 Qb6 19. f4 Ned7 20. Bf3 Qxb2 21. Ra2 Qb6 22. Rb1 Qa5 23. Rxb7 Rc7 24. Rxc7 Qxc7 25. Rb2 Nc5 26. Qxc4 Re1+ 27. Kf2 Rc1 28. Rb3 h5 29. Kg3 Nce4+ 30. Qxe4 Nxe4+ 31. Nxe4 Rc4 32. Ng5 h4+ 33. Kg4 Rxf4+ 34. Kxf4 Qc4+ 35. Ne4 Qxb3 36. Nxd6 Qb8 37. Ke5 Kf8 38. f6 gxf6+ 39. Kxf6 Qxd6+ 40. Kg5 Qxh2 41. d6 Qg3+ 42. Kh5 h3 43. gxh3 Qxf3+ 44. Kg5 Kg7 45. d7 f6+ 46. Kh4 Qf4+ 47. Kh5 Qg5# 0-1

[Event "Eastern Asia-ch U12"]
[Site "Tornelo INT"]
[Date "2021.10.29"]
[Round "3"]
[White "Aarush, Rajesh"]
[Black "Nguyen, Tran Huy Khanh"]
[Result "1-0"]
[WhiteElo "1264"]
[BlackElo "1026"]
[PlyCount "89"]
[EventDate "2021.10.29"]
[EventType "swiss"]
[EventRounds "9"]
[EventCountry "NET"]
[SourceTitle "EXT 2023"]
[Source "ChessBase"]
[SourceDate "2022.10.05"]
[SourceVersion "1"]
[SourceVersionDate "2022.10.05"]
[SourceQuality "1"]

1. d4 d5 2. c4 c6 3. cxd5 cxd5 4. Nc3 Nf6 5. Bf4 Nc6 6. e3 Bf5 7. Bd3 Bxd3 8. Qxd3 e6 9. Nf3 Bb4 10. 0-0 0-0 11. a3 Ba5 12. b4 Bb6 13. Ne5 Rc8 14. Rac1 Qe7 15. Na4 Nh5 16. Nxc6 bxc6 17. Bg3 Nxg3 18. hxg3 e5 19. dxe5 Qxe5 20. Rc2 Rfd8 21. Rfc1 Qe6 22. Nxb6 axb6 23. Qa6 b5 24. Rxc6 Rxc6 25. Qxc6 Qe5 26. Qb6 Rb8 27. Qxb5 h6 28. Qc5 Qb2 29. Qc3 Qa2 30. b5 Qe2 31. a4 Qa2 32. a5 Qa4 33. b6 Qb5 34. Qc7 Rf8 35. b7 g6 36. a6 Qxa6 37. b8Q Rxb8 38. Qxb8+ Kh7 39. Qe5 Qd3 40. Rc8 g5 41. Rh8+ Kg6 42. Rg8+ Kh5 43. g4+ Kxg4 44. f3+ Kh5 45. Qh2# 1-0